| 000 | 00744nam a2200193Ia 4500 | ||
|---|---|---|---|
| 003 | GCL | ||
| 008 | 140319s9999 xx 000 0 ara d | ||
| 040 |
_aGCL / _cGCL |
||
| 082 | 0 | 4 |
_a347.02 _bس م |
| 100 | 1 | _aسحر عبدالستار امام يوسف | |
| 245 | 1 | 0 |
_aمحكمة الاسرة : _bدراسة مقارنة فى القانون المصرى والفرنسى / _cسحر عبدالستار امام يوسف |
| 260 |
_aالقاهرة : _bدار النهضة العربية ، _c2005 |
||
| 300 |
_a347 ص ؛ _c24 سم |
||
| 650 | 0 | 4 | _aمحاكم الاحوال الشخصية |
| 650 | 0 | 4 | _aالاسرة - قوانين وتشريعات |
| 650 | 0 | 4 | _aالمحاكم - مصر |
| 650 | 0 | 4 | _aمحكمة الاسرة |
| 942 |
_2ddc _cBK |
||
| 999 |
_c8605 _d8605 |
||